Faculty of Law Library — Cairo University

Official Online Catalog

الموسوعة فى جرائم الإرهاب والتظاهر اللاسلمى والبلطجة والأسلحة والذخيرة والمفرقعات والقبض والتفتيش والحبس احتياطيا وتجديد الحبس واستئنافه : (Record no. 76628)

MARC details
000 -LEADER
fixed length control field 01715nam a2200325 i 4500
003 - CONTROL NUMBER IDENTIFIER
control field EG-GICUC
005 - DATE AND TIME OF LATEST TRANSACTION
control field 20260511215659.0
008 - FIXED-LENGTH DATA ELEMENTS--GENERAL INFORMATION
fixed length control field 260511s2015 ua |||fr|||| 00| 0 ara d
040 ## - CATALOGING SOURCE
Original cataloging agency EG-GICUC
Language of cataloging ara
Transcribing agency EG-GICUC
Modifying agency EG-GICUC
Description conventions rda
041 0# - LANGUAGE CODE
Language code of text/sound track or separate title Ara
082 04 - DEWEY DECIMAL CLASSIFICATION NUMBER
Edition number 21
Classification number 343.435
Item number ه ش . م
092 04 - LOCALLY ASSIGNED DEWEY CALL NUMBER (OCLC)
Edition number 21
099 ## - LOCAL FREE-TEXT CALL NUMBER (OCLC)
Classification number Law1 10 343.435 ه ش . م 2015
100 0# - MAIN ENTRY--PERSONAL NAME
Personal name هشام زوين
Relator term مؤلف.
245 12 - TITLE STATEMENT
Title الموسوعة فى جرائم الإرهاب والتظاهر اللاسلمى والبلطجة والأسلحة والذخيرة والمفرقعات والقبض والتفتيش والحبس احتياطيا وتجديد الحبس واستئنافه :
Remainder of title موضوعيا وإجرائيا.
Number of part/section of a work المجلد الثالث،
Name of part/section of a work الحماية الإجرائية للمتهم في قضايا الإرهاب والبلطجة والتظاهر والسلاحالتلبس بأحد هذه الجرائم والقبض والتفتيش والاستيقاف الاستدلالات والاستختبارات والتحريات والحبس الاحتياطي /
Statement of responsibility, etc. تأليف هشام زوين.
250 ## - EDITION STATEMENT
Edition statement الطبعة الأولى
264 #1 - PRODUCTION, PUBLICATION, DISTRIBUTION, MANUFACTURE, AND COPYRIGHT NOTICE
Place of production, publication, distribution, manufacture القاهرة :
Name of producer, publisher, distributor, manufacturer دار العدل للإصدارات القانونية،
Date of production, publication, distribution, manufacture, or copyright notice 2015.
300 ## - PHYSICAL DESCRIPTION
Extent 418 ؛صفحة
Dimensions 24 سم.
336 ## - CONTENT TYPE
Source rda content
Content type term text
337 ## - MEDIA TYPE
Source rda media
Media type term Computer
338 ## - CARRIER TYPE
Source rda carrier
Carrier type term Online Resource
500 ## - GENERAL NOTE
General note إهداء من حسن على
546 ## - LANGUAGE NOTE
Language note النص باللغة العربية
650 1# - SUBJECT ADDED ENTRY--TOPICAL TERM
Topical term or geographic name entry element الإرهاب
Source of heading or term qrmak
650 1# - SUBJECT ADDED ENTRY--TOPICAL TERM
Topical term or geographic name entry element القانون الجنائى
Source of heading or term qrmak
651 1# - SUBJECT ADDED ENTRY--GEOGRAPHIC NAME
Source of heading or term qrmak
856 40 - ELECTRONIC LOCATION AND ACCESS
Uniform Resource Identifier <a href="https://fll.law.cu.edu.eg/fulltext/bks/B10-12055.pdf">https://fll.law.cu.edu.eg/fulltext/bks/B10-12055.pdf</a>
905 ## - Cataloger and Reviser Names
Cataloger Name: Yasmin Sayed
942 ## - ADDED ENTRY ELEMENTS (KOHA)
Source of classification or shelving scheme Dewey Decimal Classification
Koha item type Books
Edition 21
Suppress in OPAC No
Holdings
Withdrawn status Lost status Source of classification or shelving scheme Damaged status Not for loan Collection Home library Current library Date acquired Total checkouts Full call number Barcode Date last seen Copy number Price effective from Koha item type
    Dewey Decimal Classification   Not for loan القانون الجنائي جــــامعة القــاهرة مكتبة كلية الحقوق - المبنى الرئيسي 11.05.2026   Law1 10 343.435 ه ش . م 1 ed - 2015 1012055 V3, C1 B10-12055 11.05.2026 1 11.05.2026 Books

© All rights reserved — Faculty of Law, Cairo University